000 00199 a2200097 4500
001 10108
100 _aKolarz, W
245 _aHow Russia is ruled
260 _a
_bBatchworth
_c
090 _c7859
_d7859
942 _aNUST-CAE
_cM
_c34554
999 _c245181
_d245181